| 000 | 00797nam a2200241Ia 4500 | ||
|---|---|---|---|
| 001 | 8306 | ||
| 003 | GE_BSU | ||
| 008 | 181216s||||||||xx |||||||||||||| ||und|| | ||
| 020 | _a9789941033070 | ||
| 040 | _cGE_BSU | ||
| 080 | _a616-093(075.8) | ||
| 100 | _aხვიტია, ნინო, მჭედლიშვილი,ე. ყურაშვილი,ნელი | ||
| 245 | _aსამედიცინო პარაზიტოლოგია | ||
| 260 | _aთბილისი | ||
| 260 | _b(გ.გ.) | ||
| 260 | _c2013 | ||
| 300 | _a302გვ.ილ.28სმ. | ||
| 300 | _eბიბლიოგრ. გვ.224 | ||
| 541 | _h20ლ. | ||
| 653 | _aმედიცინა | ||
| 653 | _aსამედიცინო პარაზიტოლოგია | ||
| 942 | _cBK | ||
| 999 |
_c41637 _d41637 |
||